000 00626cab a2200217 4500
001 WB3223-08
008 090401t1996 xxu||||| |||| 00| 0 eng d
035 _a(Sirsi) u27509
041 _aeng
245 _aBoots takes control of Do it All
260 _c1996
350 _a0
490 _aGuardian
_v12 June 1996, 20(1)
520 _aWH Smith is paying £50m for Boots to take control of Do It All. Pie chart illustrates the market leaders share of the DIY market.
650 _aBOOTS
650 _aDIY STORES
650 _aWH SMITH
690 _aPROPERTY-COMMERCIAL PROPERTY
942 _n0
948 _c04/03/1997
999 _c18519
_d18519